00873nam a22002177a 450000500170000001000150001702000260003203500140005803700090007208200150008110000290009624501130012525000060023826000400024427001070028430000210039170000370041294200290044999900190047895201580049720240805141404.0 aENG-141203 c795.00a9788196775124 aEN-124735 bDBAD a371.10221 aNaikal, Appasaheb96946500aHarnessing Online Platfoams and Tools for Teachings and Learning/cby Appasaheb Naikal [and] Satish Kanamadi a1 aMumbaibKabdwal Book International  aPlot No. 179, D/42, Raigad CHS, Sector 1, Charkop, Kandivali(W)bMumbaie400067morder@kabdwalbook.com a176p.c22cm(pbk) aKanamadi, Satish eAuthor969466 2ddccENmNAIh371.102e1 c204822d204822 001040708NFICaBL1bBL1d2024-08-05eDelivery of Books Act Divisiong795.00l0oNAI 371.102pEN-124735r2024-08-05 00:00:00t1v795.00w2024-08-05yEN